|
|
|
|
| LEADER |
00808cam a2200217 7i4500 |
| 001 |
0000082923 |
| 005 |
20240722090000.0 |
| 020 |
|
|
|a 9781003450146 (electronic book)
|
| 090 |
0 |
0 |
|a QD921
|b .H891 2024
|
| 245 |
0 |
0 |
|a Handbook of semiconductors :
|b fundamentals of emerging applications
|c edited by Ram K. Gupta.
|
| 264 |
|
|
|a Boca Raton:
|b CRC Press,
|c 2024.
|
| 300 |
|
|
|a 1 online resource (xviii, 378 pages):
|b text file, PDF.
|
| 336 |
|
|
|a text
|2 rdacontent
|
| 337 |
|
|
|a computer
|2 rdamedia
|
| 338 |
|
|
|a online resource
|2 rdacarrier
|
| 650 |
|
0 |
|a Semiconductor
|
| 655 |
|
0 |
|a Electronic books
|
| 700 |
1 |
|
|a Gupta, Ram K.
|
| 856 |
4 |
2 |
|u http://library.unisel.edu.my/web/guest/mylibrary
|
| 997 |
|
|
|a Engineering & Life Sciences, Faculty
|b Engineering, Department
|
| 999 |
|
|
|a EBO0023462
|b EBOOK
|c EBOOK
|e Electronic resources
|